00485nam a22001937a 450000500170000001000130001702000220003003500130005203700160006504000120008108200130009310000140010624500340012026000410015427000380019530000200023349000230025365000150027620170124110104.0 aB-041007 c30.00a8123700367 aB-041007 bCen Lib/Ret aDPLbEN a921bAUR aNavajata  aSri Aurobindo /cby Navajata  aNew DelhibNational book trustc2000 bNew DelhiaA-5,Green parke110016 a82p.c20cm(pbk) aNational biography aBiography